LIBRARY & INFORMATION CENTRE, KCAET, TAVANUR

ONLINE PUBLIC ACCESS CATALOGUE (OPAC)

2006: oru kodumkattaya janapaksha rashtreeyam / | 2006: ഒരു കൊടുങ്കാറ്റായ ജനപക്ഷ രാഷ്ട്രീയം (Record no. 19516)

MARC details
000 -LEADER
fixed length control field 00503nam a22001577a 4500
003 - CONTROL NUMBER IDENTIFIER
control field OSt
008 - FIXED-LENGTH DATA ELEMENTS--GENERAL INFORMATION
fixed length control field 250903b |||||||| |||| 00| 0 eng d
041 ## - LANGUAGE CODE
Language code of text/sound track or separate title mal
082 ## - DEWEY DECIMAL CLASSIFICATION NUMBER
Classification number 320
Item number JAL/OR
100 ## - MAIN ENTRY--AUTHOR NAME
Personal name Jaleel, K. T
245 ## - TITLE STATEMENT
Title 2006: oru kodumkattaya janapaksha rashtreeyam /
Remainder of title 2006: ഒരു കൊടുങ്കാറ്റായ ജനപക്ഷ രാഷ്ട്രീയം
260 ## - PUBLICATION, DISTRIBUTION, ETC. (IMPRINT)
Place of publication Kayamkulam :
Name of publisher Sithara Books,
Year of publication 2022.
300 ## - PHYSICAL DESCRIPTION
Number of Pages 190 p.
650 ## - SUBJECT ADDED ENTRY--TOPICAL TERM
Topical Term Politics
942 ## - ADDED ENTRY ELEMENTS (KOHA)
Koha item type Books
Holdings
Withdrawn status Lost status Damaged status Home library Current library Date acquired Source of acquisition Cost, normal purchase price Full call number Accession Number Koha item type
      KAUAET KAUAET 03/09/2025 Donated by KT Jaleel MLA 240.00 320 JAL/OR 26310 Books
free website counter